States with a Coastline Quiz - Statistics

General Stats
  • This quiz has been taken 22 times
  • The average score is 20 of 23
Answer Stats
Answer % Correct
California
100%
Washington
100%
Florida
95%
New York
95%
Oregon
95%
South Carolina
95%
Louisiana
90%
Maine
90%
Texas
90%
Georgia
86%
New Jersey
86%
North Carolina
86%
Alabama
81%
Alaska
81%
Connecticut
81%
Hawaii
81%
Rhode Island
81%
Virginia
81%
Maryland
76%
Delaware
71%
Massachussetts
71%
Mississippi
71%
New Hampshire
67%
No matching quizzes found
Score Distribution
Percent of People with Each Score
Percentile by Number Answered
Your Score History
You have not taken this quiz